LEADER 01429nam 2200349Ia 450 001 996389934403316 005 20221108074811.0 035 $a(CKB)1000000000647263 035 $a(EEBO)2240897510 035 $a(OCoLC)9920464000971 035 $a(EXLCZ)991000000000647263 100 $a19950918d1606 uy | 101 0 $aeng 135 $aurbn||||a|bb| 200 10$aBy the King$b[electronic resource] $ewhere a sedicious rumor hath bene raised this morning, that some ill accident should be befallen our person .. 210 $aImprinted at London $cBy Robert Barker, Printer to the Kings most excellent Maiestie$d1605 [i.e. 1606] 215 $a1 sheet ([1] p.) 300 $aCountering reports of the king's death, and ordering dispersal of the resultant armed assemblies. 300 $aLast complete line of text ends "their". 300 $a"Giuen at our palace of Westminster the two and twentieth day of March 1605. and in the third yeere of our Reigne of Great Britaine." 300 $aReproduction of original in: Society of Antiquaries. 330 $aeebo-0147 607 $aGreat Britain$xHistory$yJames I, 1603-1625 608 $aBroadsides$zLondon (England)$y17th century.$2rbgenr 701 $aJames$cKing of England,$f1566-1625.$01001019 801 0$bEBK 801 1$bEBK 801 2$bWaOLN 906 $aBOOK 912 $a996389934403316 996 $aBy the King$92299281 997 $aUNISA LEADER 01861nas 2200601- 450 001 9910679501403321 005 20250918110034.0 011 $a2365-7693 035 $a(DE-599)ZDB2717039-1 035 $a(OCoLC)564508752 035 $a(CKB)110978976478009 035 $a(CONSER)--2016204035 035 $a(DE-599)2717039-1 035 $a(EXLCZ)99110978976478009 100 $a20100321b19572021 s-- b 101 0 $ager 135 $aurbn||||||abp 135 $aurbn||||||ada 181 $ctxt$2rdacontent 182 $cc$2rdamedia 183 $acr$2rdacarrier 200 00$aZeitschrift für Wirtschaftsgeographie 210 1$aBerlin, Germany :$cDe Gruyter 215 $a1 online resource 300 $aRefereed/Peer-reviewed 300 $aPrint version published: Hagen : Pick-Verlag, 1957- ; Bad Soden : Buchenverlag, <2015-> 311 1 $a0044-3751 517 1 $aGerman journal of economic geography 531 $aZEITSCHRIFT FUER WIRTSCHAFTSGEOGRAPHIE 531 $aZ WIRTSCHGEOGR 531 $aZ WIRTSCHAFTSGEOGR 531 $aZ. WIRTSCH 531 00$aZ. Wirtschaftsgeogr 606 $aEconomic geography$vPeriodicals 606 $aEconomic geography$2fast$3(OCoLC)fst00901962 606 $aWirtschaftsgeographie$2stw 606 $aSozialgeographie$2stw 606 $aEntwicklungsforschung$2stw 606 $aUmweltforschung$2stw 606 $aVolkswirtschaft$2stw 608 $aPeriodicals.$2fast 608 $aPeriodicals.$2lcgft 615 0$aEconomic geography 615 7$aEconomic geography. 615 7$aWirtschaftsgeographie. 615 7$aSozialgeographie. 615 7$aEntwicklungsforschung. 615 7$aUmweltforschung. 615 7$aVolkswirtschaft. 906 $aJOURNAL 912 $a9910679501403321 996 $aZeitschrift für Wirtschaftsgeographie$92397760 997 $aUNINA